Report on the 2nd international management conference in Harare: the strategic leader:initiating strategies for change (Record no. 56199)

MARC details
000 -LEADER
fixed length control field 00555nam a2200133 a 4500
008 - FIXED-LENGTH DATA ELEMENTS--GENERAL INFORMATION
fixed length control field 100428s1996 ||||||||||||||||| || u
050 ## - LIBRARY OF CONGRESS CALL NUMBER
Classification number PAPERS/STAFF
100 ## - MAIN ENTRY--PERSONAL NAME
Personal name Mumba, K
245 10 - TITLE STATEMENT
Title Report on the 2nd international management conference in Harare: the strategic leader:initiating strategies for change
260 ## - PUBLICATION, DISTRIBUTION, ETC.
Place of publication, distribution, etc. Kitwe
Name of publisher, distributor, etc. School of Business
Date of publication, distribution, etc. 1996
300 ## - PHYSICAL DESCRIPTION
Extent 12p.
350 ## - PRICE (NR) (BK AM CF MU VM SE) [OBSOLETE]
Price 0.00
995 ## - RECOMMENDATION 995 [LOCAL, UNIMARC FRANCE]
-- 0.00
-- CBU-MAIN LIBRARY (Kitwe)
-- 1
-- 0.00
-- 1
-- AVAILABLE
-- Apr 28, 2010
-- University Collection
Holdings
Withdrawn status Lost status Source of classification or shelving scheme Damaged status Not for loan Home library Current library Shelving location Date acquired Total Checkouts Full call number Barcode Date last seen Price effective from Koha item type
          CBU-MAIN LIBRARY, KITWE. CBU-MAIN LIBRARY, KITWE.   11/30/2022   PAPERS/STAFF 03006218 11/30/2022 11/30/2022 MONOGRAPH